| 000 | 00740nam a2200205 4500 | ||
|---|---|---|---|
| 003 | KOHA_MİRAKIL | ||
| 005 | 20260407093234.0 | ||
| 008 | 260407b tu ||||| |||| 00| 0 tur d | ||
| 040 |
_aTR-AnABB _btur _cTR-AnABB |
||
| 041 | _atur | ||
| 082 |
_a711.0609561 _bULU 1989 |
||
| 111 |
_aUlusal Bölge Planlaması Kongresi _n(2. : _d1989 : _cİstanbul) _93321 |
||
| 245 | 1 | 0 |
_a2. Ulusal Bölge Planlaması Kongresi : _bbildiriler , 27-28 Ekim 1989, İstanbul / _cİstanbul Teknik Üniversitesi |
| 260 |
_aİstanbul : _bİstanbul Teknik Üniversitesi, _c1989 |
||
| 300 |
_a184 sayfa ; _c21 cm |
||
| 504 | _aKaynakça vardır | ||
| 650 |
_aKent planlaması, Türkiye, _xKongreler |
||
| 900 | _bCan ÇELIK | ||
| 942 |
_2ddc _cBK |
||
| 999 |
_c10178 _d10178 |
||